Flee the Facility - Who Made That Map? - Statistics

General Stats
  • This quiz has been taken 4 times
  • The average score is 2 of 15
Answer Stats
Hint Answer Creators % Correct
Facility_0 MrWindy 1
100%
Homestead MrWindy 1
100%
Spaceship 7Siete_7 1
25%
Haunted Mansion BriefAwesomeDude 1
0%
Arctic Station CodedAbyss 1
0%
Arcade D4niel_Foxy 1
0%
Ghost Town D4niel_Foxy 1
0%
Shopping Center D4niel_Foxy 1
0%
Airport deadlybones28 1
0%
The Library Drainhp + CodedAbyss 2
0%
Sanctuary Zoo GuyGreen8787 1
0%
School Shoortfingers + CodedAbyss 2
0%
Abandoned Prison Maximus SonicUnkn0wn + D4niel_Foxy + mace_nasty 3
0%
Nuclear Power Plant SonicUnkn0wn + D4niel_Foxy + posyonose 3
0%
Abandoned Facility Optimus SonicUnkn0wn + Kmart_Corp + VeryCoolSeal 3
0%
No matching quizzes found
Score Distribution
Percent of People with Each Score
Percentile by Number Answered
Your Score History
You have not taken this quiz